000 00656nam a2200289Ia 4500
005 20260324114335.0
008 008 260324s9999 xx 000 0 eng d
020 _a9781003219576
037 _aEBOOK
040 _aCRL
040 _beng
040 _cCRL
041 _2eng
041 _aeng
084 _qCRL
100 _aMark Lacy
_91150386
245 0 _aTheorising Future Conflict
245 0 _bWar Out to 2049
260 _bTaylor and Francis
260 _c2023
365 _a
365 _b230
856 _uhttp://www.taylorfrancis.com/books/9781003219576
942 _cEBOOK
999 _c1740513
_d1740513